20 Largest cities in France - Statistics

General Stats
  • This quiz has been taken 48 times
  • The average score is 14 of 20
Answer Stats
Population Answer % Correct
2,229,621 Paris
100%
855,393 Marseille
98%
500,715 Lyon
95%
342,295 Nice
95%
243,626 Bordeaux
93%
231,491 Lille
91%
458,298 Toulouse
89%
275,718 Strasbourg
84%
292,718 Nantes
80%
272,084 Montpellier
77%
211,373 Rennes
68%
172,074 Le Havre
64%
160,215 Grenoble
61%
153,003 Dijon
59%
163,760 Toulon
59%
182,592 Reims
55%
172,023 Saint-Étienne
55%
150,125 Angers
52%
150,564 Nimes
34%
147,192 Villeurbanne
23%
No matching quizzes found
Score Distribution
Percent of People with Each Score
Percentile by Number Answered
Your Score History
You have not taken this quiz